| 000 | 00494nam a2200181Ia 4500 | ||
|---|---|---|---|
| 001 | 20516 | ||
| 005 | 20260306172811.0 | ||
| 008 | 260306t2020||||xx |||||||||||||| ||spa|| | ||
| 041 | _aESP | ||
| 082 |
_a343.335 _bD84 T. 1 |
||
| 100 |
_aDivisión de Estudios Jurídicos de Gaceta Jurídica _eAUT |
||
| 245 | 0 | _a20 años de sentencias claves del Tribunal Constitucional | |
| 260 | _c2020 | ||
| 300 |
_a510 páginas : _c25 cm. |
||
| 650 | _aGEN | ||
| 654 | _aCDE | ||
| 942 |
_cLIB _dJUS _fJUS _2ddc _n |
||
| 999 |
_c20516 _d20516 |
||